00788cam a22002293a 45000010005000000030006000050050017000110080041000280400015000690420007000840500007000911000054000982450134001522600029002865060030003155160020003456530034003656530044003996530046004438300028004898560041005173875PGUSA20140828083039.0040825s2004||||xxu|||||s|||||000 | eng d aPGUSAbeng adc 4aDC1 aSaint-Simon, Louis de Rouvroy, duc de,d1675-175510aMemoirs of Louis XIV and His Court and of the Regency — Completeh[electronic resource] /cLouis de Rouvroy, duc de Saint-Simon bProject Gutenberg,c2004 aPublic domain in the USA. aElectronic text aFrance -- Court and courtiers aFrance -- History -- Regency, 1715-1723 aFrance -- History -- Louis XIV, 1643-1715 0aProject Gutenbergv387540uhttp://www.gutenberg.org/ebooks/3875